| 000 | 02255nam0a2200373 i 4500 | ||
|---|---|---|---|
| 001 | RU\NLR\BIBL_A\010913643 | ||
| 005 | 20260405071200.0 | ||
| 010 |
_a9785919611240 _9600 |
||
| 021 |
_aRU _b2015-86608 _95306 |
||
| 035 | _a(NILC)RuMoRGB-008062650 | ||
| 035 | _a(NLR Aleph) 010913643 | ||
| 090 |
_a10643417 _c10643417 |
||
| 100 | _a20151130d2015 km y0rusy50 ca | ||
| 101 | 1 | _arus | |
| 102 | _aRU | ||
| 105 | _aac j 010yy | ||
| 200 | 1 |
_aЭксплуатация скважин и добыча нефти из обводняющихся месторождений _dWell operation and oil production from the flooded fields _eучебное пособие _eдля студентов образовательных организаций высшего образования, обучающихся по направлению подготовки магистратуры "Нефтегазовое дело" _fИ. Т. Мищенко _zeng |
|
| 210 |
_aМосква _cИЦ РГУ нефти и газа _d2015 |
||
| 215 |
_a430, [1] с. _cил., портр. _d23 |
||
| 300 | _aАвт. также на англ. яз.: I.T. Mishchenko | ||
| 300 | _aНа с. 425 авт.: И.Т. Мищенко, д.т.н., проф., акад. РАЕН | ||
| 300 | _aНа авантит.: Посвящ. 85-летию РГУ нефти и газа им. И.М. Губкина | ||
| 320 | _aБиблиогр.: с. 424 (9 назв.) | ||
| 510 | 1 |
_6z45790 _aWell operation and oil production from the flooded fields _zeng |
|
| 606 |
_aНефтяные скважины _jУчебные издания для высших учебных заведений _xЭксплуатация _91719965 _3RU\NLR\AUTH\66767431 |
||
| 606 |
_aНефть _jУчебные издания для высших учебных заведений _xДобыча _xЗаводнения метод _91084780 _3RU\NLR\AUTH\66424579 |
||
| 686 | 1 | _aИ361.792я73-1 | |
| 700 | 1 |
_7ca _8rus _aМищенко _bИ. Т. _f1937-2020 _gИгорь Тихонович _3RU\NLR\AUTH\7724280 _97331 |
|
| 790 | 1 |
_8rus _7ba _aMiščenko _bI. T. _f1937- _gIgor' Tichonovič _3RU\NLR\AUTH\7724283 _97334 |
|
| 801 | 0 |
_aRU _bРГБ _c20151106 _gRCR |
|
| 942 | _cBOOK | ||
| 980 | _aNBR | ||